<?xml version="1.0" encoding="UTF-8"?><?xml-stylesheet type="text/xsl" href="static/style.xsl"?><OAI-PMH xmlns="http://www.openarchives.org/OAI/2.0/" xmlns:xsi="http://www.w3.org/2001/XMLSchema-instance" xsi:schemaLocation="http://www.openarchives.org/OAI/2.0/ http://www.openarchives.org/OAI/2.0/OAI-PMH.xsd"><responseDate>2026-04-27T21:31:58Z</responseDate><request verb="GetRecord" identifier="oai:uvadoc.uva.es:10324/77351" metadataPrefix="marc">https://uvadoc.uva.es/oai/request</request><GetRecord><record><header><identifier>oai:uvadoc.uva.es:10324/77351</identifier><datestamp>2025-09-01T19:01:10Z</datestamp><setSpec>com_10324_1143</setSpec><setSpec>com_10324_931</setSpec><setSpec>com_10324_894</setSpec><setSpec>col_10324_1250</setSpec></header><metadata><record xmlns="http://www.loc.gov/MARC21/slim" xmlns:doc="http://www.lyncode.com/xoai" xmlns:xsi="http://www.w3.org/2001/XMLSchema-instance" xmlns:dcterms="http://purl.org/dc/terms/" xsi:schemaLocation="http://www.loc.gov/MARC21/slim http://www.loc.gov/standards/marcxml/schema/MARC21slim.xsd">
<leader>00925njm 22002777a 4500</leader>
<datafield tag="042" ind1=" " ind2=" ">
<subfield code="a">dc</subfield>
</datafield>
<datafield tag="720" ind1=" " ind2=" ">
<subfield code="a">Martín del Pozo, María Ángeles</subfield>
<subfield code="e">author</subfield>
</datafield>
<datafield tag="260" ind1=" " ind2=" ">
<subfield code="c">2015</subfield>
</datafield>
<datafield tag="520" ind1=" " ind2=" ">
<subfield code="a">Este trabajo comienza reflexionando sobre el fenómeno&#xd;
de las llamadas titulaciones bilingües. Se consideran sus&#xd;
causas, finalidades, algunas orientaciones para su&#xd;
implantación y algunos rasgos que las caracterizan. El&#xd;
objetivo principal es describir la experiencia de la&#xd;
titulación bilingüe de la Escuela de Ingeniería Informática&#xd;
de Segovia (Universidad de Valladolid) entre los años&#xd;
2005 y 2011. Se describe el contexto y sus circunstancias.&#xd;
Un apartado se dedica a resumir los estudios sobre esta&#xd;
titulación, en su mayoría de corte lingüístico, entre ellos&#xd;
una tesis doctoral. Otros estudios consideran aspectos&#xd;
actitudinales de los alumnos y profesores implicados tales&#xd;
como expectativas, dificultades encontradas, manera de&#xd;
resolverlas y su valoración de la experiencia. La última&#xd;
sección compendia algunos de los logros relacionados con&#xd;
la internalización del centro, el crecimiento profesional de&#xd;
los participantes y su sensibilización hacia las lenguas&#xd;
extranjeras. La descripción y reflexión sobre este contexto&#xd;
concreto y la bibliografía que se indica pueden servir de&#xd;
orientación para profesores e instituciones que quieran&#xd;
aproximarse a la docencia en inglés.</subfield>
</datafield>
<datafield tag="024" ind2=" " ind1="8">
<subfield code="a">Martín del Pozo, M.A. (2015) Titulaciones bilingües: la experiencia de la Escuela de Ingeniería Informática de Segovia, Sego-Bit: Revista de la Escuela de Ingenieria Informática de Segovia, 2, 1-2, ISSN 2386-866X</subfield>
</datafield>
<datafield tag="024" ind2=" " ind1="8">
<subfield code="a">2386-866X</subfield>
</datafield>
<datafield tag="024" ind2=" " ind1="8">
<subfield code="a">https://uvadoc.uva.es/handle/10324/77351</subfield>
</datafield>
<datafield tag="024" ind2=" " ind1="8">
<subfield code="a">1</subfield>
</datafield>
<datafield tag="024" ind2=" " ind1="8">
<subfield code="a">2</subfield>
</datafield>
<datafield tag="024" ind2=" " ind1="8">
<subfield code="a">Titulaciones bilingües: la experiencia de la Escuela de Ingeniería Informática de Segovia</subfield>
</datafield>
<datafield tag="024" ind2=" " ind1="8">
<subfield code="a">2</subfield>
</datafield>
<datafield tag="245" ind1="0" ind2="0">
<subfield code="a">Titulaciones bilingües: la experiencia de la Escuela de Ingeniería Informática de Segovia</subfield>
</datafield>
</record></metadata></record></GetRecord></OAI-PMH>